• 首页
  • 本馆介绍
  • 公告通知
  • 最新文献
  • 馆藏检索
  • 电子资源
  • 读者导购
  • 参考咨询
  • 我的图书馆
  • 登录
  • 详细信息显示
  • 放入我的书架
  • 预约/预借图书
  • 作者相关作品
  • 分类相关作品
  • 丛书相关作品
  • 出版社相关作品

书目信息

  • 表格格式
  • 工作单格式
  • 卡片格式
题名:
中国传统工匠
    
 
作者: 胡长荣 , 胡勇 编著
分册:  
出版信息: 北京   中国农业科学技术出版社  2016
页数: 182页
开本: 24cm
丛书名:
单 册:
中图分类: F426.899
科图分类:
主题词: 手工业--shou gong ye--介绍--中国
电子资源:
ISBN: 978-7-5116-2607-3
000 00991nam0 2200265 450
001 1752648724
005 20161107101005.2
010    @a978-7-5116-2607-3@dCNY36.00
100    @a20161104d2016 em y0chiy50 ea
101 0  @achi
102    @aCN@b110000
105    @aa a 000yy
106    @ar
200 1  @a中国传统工匠@Azhong guo chuan tong gong jiang@f胡长荣, 胡勇编著
210    @a北京@c中国农业科学技术出版社@d2016
215    @a182页@c图@d24cm
314    @a胡长荣, 现任连云港市农耕文化研究所所长, 政协委员等职。胡勇, 现任连云港市农耕文化博物馆馆长等职。
320    @a有书目 (第167页)
330    @a本书共分为: 工匠历史篇 ; 工匠行业篇 ; 民间技艺篇 ; 工匠精神篇几部分, 主要内容包括: 古代工匠的产生 背景、古代工匠的不同类型、古代工匠的社会地位、古代工匠的纳税种类等。
606 0  @a手工业@Ashou gong ye@x介绍@y中国
690    @aF426.899@v5
701  0 @a胡长荣@Ahu chang rong@4编著
701  0 @a胡勇@Ahu yong@4编著
801  0 @aCN@b人天书店@c20161104
905    @aBZT@dF426.899@e1
    
    中国传统工匠/胡长荣, 胡勇编著.-北京:中国农业科学技术出版社,2016
    182页:图;24cm
    
    
    ISBN 978-7-5116-2607-3:CNY36.00
    本书共分为: 工匠历史篇 ; 工匠行业篇 ; 民间技艺篇 ; 工匠精神篇几部分, 主要内容包括: 古代工匠的产生 背景、古代工匠的不同类型、古代工匠的社会地位、古代工匠的纳税种类等。
●
相关链接 在五车中查询图书 在当当中查询图书 在豆瓣中查询图书


正题名:中国传统工匠     索取号:F426.899/1         预约/预借

序号 登录号 条形码 馆藏地/架位号 状态 备注
1 824770   2000824770   第二书库/ [索取号:F426.899/1] 在馆    
2 824771   2000824771   第二书库/ [索取号:F426.899/1] 在馆    
3 824772   2000824772   第二书库/ [索取号:F426.899/1] 在馆    
山东省滨州职业学院图书馆 欢迎您!
大连网信软件有限公司© 版权所有